| 000 -ლიდერი |
| ფიქსირებული სიგრძის საკონტროლო ველი |
01215nam a2200229Ia 4500 |
| 001 - საკონტროლო ნომერი |
| საკონტროლო ველი |
6919 |
| 003 - საკონტროლო ნომრის იდენტიფიკატორი |
| საკონტროლო ველი |
GE_BSU |
| 005 - ბოლო ოპერაციის თარიღი და დრო |
| საკონტროლო ველი |
20200204160319.0 |
| 008 - ფიქსირებული სიგრძის მონაცემთა ელემენტები - ზოგადი ინფორმაცია |
| ფიქსირებული სიგრძის საკონტროლო ველი |
181216s1998||||g |||||||||||||| ||ge || |
| 040 ## - კატალოგიზაციის წყარო |
| Transcribing agency |
GE_BSU |
| 041 ## - ენის კოდი |
| Language code of text/sound track or separate title |
geo |
| 080 ## - უნივერსალური ათობითი კლასიფიკაციის ინდექსი |
| Universal Decimal Classification number |
811.353.1'282 ჯ-71 |
| 100 ## - მთავარი ჩანაწერი - პიროვნების სახელი |
| Personal name |
ჯორბენაძე, ბესარიონ. |
| 9 (RLIN) |
1214 |
| 245 ## - ცნობა სათაურის შესახებ |
| Title |
ქართული დიალექტოლოგია 2 = Грузинская диалектология = Georgian Dialectolgy / |
| Statement of responsibility, etc |
ბესარიონ ჯორბენაძე ; სარედ. - საგამომც. ჯგ. მ. ბერიძე ; კ. გაბუნია ; რედ. გ. გოგოლიშვილი. |
| 250 ## - გამოცემის ცნობა |
| Edition statement |
ბესარიონ ჯორბენაძის საზ-ბა |
| 264 ## - წარმოების, გამოცემის, დისტრიბუციის და სხვა ცნობები |
| გამოცემის, წარმოების, დისტრიბუციის... ადგილი |
თბილისი : |
| გამოცემის, წარმოების, დისტრიბუციის... სახელწოდება |
მეცნიერება, |
| გამოცემის, წარმოების, დისტრიბუციის... თარიღი |
1998. |
| 300 ## - ფიზიკური აღწერა |
| Extent |
67 გვ. : |
| Other physical details |
ფოტო. ბიბლიოგრ. გვ. 662-673 ; |
| Dimensions |
20 სმ. |
| Accompanying material |
|
| 653 ## - INDEX TERM--UNCONTROLLED |
| Uncontrolled term |
ქართული დიალექტოლოგია |
| 653 ## - INDEX TERM--UNCONTROLLED |
| Uncontrolled term |
ქართული ენა |
| 700 ## - ADDED ENTRY--PERSONAL NAME |
| Personal name |
გოგოლიშვილი, გ. |
| Relator term |
რედაქტორი |
| 9 (RLIN) |
6808 |
| 942 ## - ADDED ENTRY ELEMENTS (KOHA) |
| Koha item type |
წიგნი |
| Source of classification or shelving scheme |
|